Loading...
| Current Events | 1 | 10.00 | 0% | 200% | 0% |
| Fine Arts - Auditory | 3 | 6.67 | 133% | 67% | 0% |
| Fine Arts - Other | 5 | 10.00 | 80% | 40% | 120% |
| History - American | 3 | 6.67 | 267% | 0% | 0% |
| History - European | 4 | 2.50 | 0% | 50% | 0% |
| History - Other | 3 | 6.67 | 133% | 0% | 67% |
| History - World | 6 | 6.67 | 67% | 67% | 33% |
| Literature - American | 6 | 10.00 | 200% | 33% | 67% |
| Literature - British | 2 | 15.00 | 400% | 100% | 0% |
| Literature - European | 3 | 10.00 | 133% | 133% | 0% |
| Literature - World | 5 | 12.00 | 240% | 80% | 40% |
| Mythology | 4 | 12.50 | 300% | 50% | 50% |
| Other Academic | 2 | 15.00 | 200% | 0% | 200% |
| Philosophy | 5 | 12.00 | 80% | 120% | 80% |
| Pop Culture | 1 | 20.00 | 0% | 200% | 200% |
| Religion | 4 | 10.00 | 400% | 0% | 0% |
| Science - Biology | 2 | 5.00 | 0% | 0% | 100% |
| Science - Chemistry | 4 | 7.50 | 0% | 0% | 150% |
| Science - Other | 4 | 12.50 | 200% | 50% | 100% |
| Science - Physics | 4 | 7.50 | 0% | 100% | 50% |
| Social Science | 1 | 0.00 | 0% | 0% | 0% |